Normal view
MARC view
Entry Topical Term
001 - CONTROL NUMBER
- control field: 77935
003 - CONTROL NUMBER IDENTIFIER
- control field: OSt
005 - DATE AND TIME OF LATEST TRANSACTION
- control field: 20200128160231.0
008 - FIXED-LENGTH DATA ELEMENTS
- fixed length control field: 200128|| aca||aabn | a|a d
040 ## - CATALOGING SOURCE
- Original cataloging agency: OSt
- Transcribing agency: OSt
150 ## - HEADING--TOPICAL TERM
- Topical term or geographic name entry element: Management
670 ## - SOURCE DATA FOUND
- Source citation: Work cat.: (OSt): Tailor, R K 77934, Fundamentals of Management , 2018









